Babylon 5 Franchise - Statistics

General Stats
  • This quiz has been taken 23 times
  • The average score is 11 of 44
Answer Stats
Type Year Name Info % Correct
TV Pilot 1993 Babylon 5 PTEN
94%
TV Show 1993-1998 Babylon 5 Syndication / TNT
94%
Comic Series 1994-1995 Babylon 5 DC Comics
94%
TV Film 1998 Babylon 5: Thirdspace TNT
78%
TV Show 1999 Crusade TNT
78%
TV Film 1998 Babylon 5: In the Beginning TNT
67%
Novel 1998 Babylon 5: In the Beginning Peter David
67%
Novel 1998 Babylon 5: A Call to Arms Peter David
56%
TV Film 1999 Babylon 5: A Call to Arms TNT
56%
Novel 1999 Babylon 5: A Call to Arms Robert Sheckley
56%
Board Game 2004 Babylon 5: A Call to Arms Mongoose Publishing
56%
TV Film 1998 Babylon 5: The River of Souls TNT
44%
TV Film 2002 Babylon 5: The Legend of the Rangers Syfy
39%
Novel 1996 Babylon 5: Clark's Law Jim Mortimore
28%
Anthology Show 2007 Babylon 5: The Lost Tales Warner Brothers
28%
Novel 1997 Babylon 5: To Dream in the City of Sorrows Kathryn M. Drennan
17%
Comic Mini-Series 1998 Babylon 5: In Valen's Name DC Comics
11%
Novel 2001 Babylon 5: The Passing of the Techno-Mages - Casting Shadows Jeanne Cavelos
11%
Novel 1997 Babylon 5: The Shadow Within Jeanne Cavelos
11%
Novel 1995 Babylon 5: Accusation Lois Tilton
6%
Novel 1996 Babylon 5: Betrayal S.M. Stirling
6%
Novel 1995 Babylon 5: Blood Oath John Vornholt
6%
Novel 1999 Babylon 5: Deadly Relations - Bester Ascendant Gregory Keyes
6%
Novel 2000 Babylon 5: Legions of Fire - Armies of Light and Dark Peter David
6%
Novel 2000 Babylon 5: Legions of Fire - Out of the Darkness Peter David
6%
Novel 1999 Babylon 5: Legions of Fire - The Long Night of Centauri Prime Peter David
6%
Novel 1997 Babylon 5: Personal Agendas Al Sarrantonio
6%
Novel 2001 Babylon 5: The Passing of the Techno-Mages - Invoking Darkness Jeanne Cavelos
6%
Novel 2001 Babylon 5: The Passing of the Techno-Mages - Summoning Light Jeanne Cavelos
6%
Novel 1995 Babylon 5: Voices John Vornholt
6%
Cookbook 1998 Dining on Babylon 5 Stephen C. Smith
6%
Video Game 1998 Into the Fire Yosemite Entertainment
6%
Card Game 1997 Babylon 5 Collectible Card Game Precedence Entertainment
0%
Novel 1998 Babylon 5: Dark Genesis - The Birth of the Psi Corps Gregory Keyes
0%
Novel 1999 Babylon 5: Final Reckoning - The Fate of Bester Gregory Keyes
0%
Board Game 2003 Babylon 5 Roleplaying Game Mongoose Publishing
0%
Novel 1996 Babylon 5: The Touch of Your Shadow, the Whisper of Your Name Neal Barrett, Jr.
0%
Board Game 1999 Babylon 5 Wars Agents of Gaming
0%
Short Story 2000 Genius Loci J. Michael Straczynski
0%
Short Story 2000 Hidden Agendas J. Michael Straczynski
0%
Short Story 2000 Space, Time, and the Incurable Romantic J. Michael Straczynski
0%
Short Story 2000 The Nautilus Coil J. Gregory Keyes
0%
Short Story 1999 The Shadow of His Thoughts J. Michael Straczynski
0%
Short Story 2000 True Seeker Fiona Avery
0%
No matching quizzes found
Score Distribution
Percent of People with Each Score
Percentile by Number Answered
Your Score History
You have not taken this quiz